| 000 | 00589nam a2200157Ia 4500 | ||
|---|---|---|---|
| 008 | 221030s9999 xx 000 0 und d | ||
| 041 | _aEnglish | ||
| 082 |
_a105.23 _bPad |
||
| 100 | _aK. K. Padmanabhan | ||
| 245 | 0 |
_aProceedings : Indian Society for Technical Education 33rd Annual Convention & National Seminar, 27-30 Dec 2003, theme Reaching the Unreached - A Challenge to Technical Education _cby K. K. Padmanabhan, S. Bhaskar |
|
| 260 |
_bKumaraguru College of tehnology, Coimbatore India _aIndia _c2003 |
||
| 300 | _a794 | ||
| 650 | _aGeneral | ||
| 700 | _aS. Bhaskar | ||
| 942 | _cBK | ||
| 999 |
_c2182 _d2182 |
||